Portugueses Famosos por Foto #1 - Statistics

Estatísticas Gerais
  • Esse quiz foi jogado 51 vezes
  • A pontuação média é 9 de 20
Estatísticas das Respostas
Imagem Hint Resposta % Correto
Jogador de Futebol Cristiano Ronaldo
100%
Cantora Amália Rodrigues
81%
Apresentadora de TV Cristina Ferreira
79%
Escritor José Saramago
77%
Secretário-Geral da ONU António Guterres
70%
Humorista Hermann José
70%
Maratonista Rosa Mota
65%
Supermodelo Sara Sampaio
58%
Jornalista Judite Sousa
47%
Atriz Maria João Abreu
42%
Artista Plástica Joana Vasconcelos
37%
Pintora Paula Rego
35%
Arquiteto Álvaro Siza Vieira
33%
Freira Irmã Lúcia
33%
Político Álvaro Cunhal
30%
Chef de Cozinha Henrique Sá Pessoa
23%
Automobilista António Félix da Costa
21%
Pianista Maria João Pires
21%
Médico António Egas Moniz
16%
Cineasta João Canijo
7%
Nenhum quiz correspondente encontrado
Distribuição das Pontuações
Porcentagem de Pessoas com Cada Pontuação
Percentil de Números Respondidos
Sua Pontuação Histórica
Você não jogou esse quiz